| 000 | 01041nam a2200301Ia 4500 | ||
|---|---|---|---|
| 003 | OSt | ||
| 005 | 20221007123501.0 | ||
| 006 | a|||||r|||| 00| 0 | ||
| 007 | ta | ||
| 008 | 221006b |||||||| |||| 00| 0 eng d | ||
| 020 |
_a8181280121 (pbk) _c795.00 |
||
| 024 | _a12042 | ||
| 037 |
_b4396, 12/08/2004, Overseas Press (India) Pvt. Ltd. _cTextual |
||
| 040 |
_aPAPL _cPAPL _beng |
||
| 041 |
_2eng _aeng |
||
| 082 | _aB7:355, P3 Carpa | ||
| 100 |
_aLakshmanan M _9717284 |
||
| 245 | 0 |
_aNonlinear dynamics: integrability chaos and patterns _b Rajasekar S |
|
| 260 |
_aNew _bYork Springer-Verlag _c2003 |
||
| 300 |
_axx, 619p. _ccm. |
||
| 490 | _aAdvanced texts in physics | ||
| 500 | _aGlossary 585-595p.; Bibliographical references 597-609p.; Index 611-619p. | ||
| 650 | _a Nonlinear | ||
| 650 | _aPhysics | ||
| 700 |
_a Rajasekar S _9715915 |
||
| 942 |
_hB7:355, P3 Carpa _cTEXL _2CC |
||
| 999 |
_c1211965 _d1211965 |
||